000 00763nam a2200253Ia 4500
003 OSt
005 20220926013319.0
006 a|||||r|||| 00| 0
007 ta
008 220923b |||||||| |||| 00| 0 eng d
037 _cGeneral Book
040 _aRTL
_cRTL
_beng
041 _2eng
_aeng
082 _aY774Z, L0
100 _aVogt Evon Z
_9136204
245 0 _aZinacantecos of Mexico
_b A modern Maya way of life
260 _aNew York
_bHolt Rinchart and Winston
_c1970
300 _axii, 113p
_ccm.
490 _aCase Studies in Cultural Anthropology. Ed by George and Louise Spindler
500 _aBibliography: P 110-13
650 _aRed Indians
942 _hY774Z, L0
_cGB
_2CC
999 _c625679
_d625679